[Event "Arcadia King Memorial 2nd"]
[Site "Arcadia"]
[Date "2023.08.12"]
[Round "5.3"]
[White "Wen, Teddie"]
[Black "Kiewra, Keaton F"]
[Result "0-1"]
[WhiteElo "2212"]
[BlackElo "2330"]
[PlyCount "60"]
[EventDate "2023.08.09"]
[EventType "schev"]
[EventRounds "10"]
[EventCountry "USA"]
[SourceTitle "EXT 2024"]
[Source "ChessBase"]
[SourceDate "2023.10.10"]
[SourceVersion "1"]
[SourceVersionDate "2023.10.10"]
[SourceQuality "1"]

1. d4 Nf6 2. c4 g6 3. Nc3 Bg7 4. e4 d6 5. Nf3 0-0 6. Be2 Na6 7. 0-0 e5 8. d5 Nc5 9. Qc2 a5 10. Bg5 h6 11. Be3 b6 12. a3 a4 13. Ne1 Nb3 14. Rd1 Ng4 15. Nxa4 Nd4 16. Bxd4 exd4 17. h3 Ne5 18. Rxd4 Qh4 19. Rd1 f5 20. f4 Ng4 21. hxg4 fxg4 22. Nc3 g3 23. Nf3 Qh5 24. f5 gxf5 25. exf5 Bxf5 26. Bd3 Bd4+ 27. Rf2 gxf2+ 28. Kf1 Qh1+ 29. Ke2 Qxg2 30. Rf1 Qxf3+ 0-1

[Event "Arcadia King Memorial 2nd"]
[Site "Arcadia"]
[Date "2023.08.11"]
[Round "4.4"]
[White "Novoselski, Zoran"]
[Black "Wen, Teddie"]
[Result "1/2-1/2"]
[WhiteElo "2234"]
[BlackElo "2212"]
[PlyCount "79"]
[EventDate "2023.08.09"]
[EventType "schev"]
[EventRounds "10"]
[EventCountry "USA"]
[SourceTitle "EXT 2024"]
[Source "ChessBase"]
[SourceDate "2023.10.10"]
[SourceVersion "1"]
[SourceVersionDate "2023.10.10"]
[SourceQuality "1"]

1. e4 c6 2. d4 d5 3. Nc3 dxe4 4. Nxe4 Nf6 5. Nxf6+ exf6 6. c3 Bd6 7. Bd3 0-0 8. Ne2 Re8 9. Be3 Nd7 10. Qd2 a5 11. Bf4 Bxf4 12. Qxf4 Ne5 13. Be4 Ng6 14. Bxg6 hxg6 15. f3 g5 16. Qd2 g4 17. 0-0 gxf3 18. Rxf3 Bg4 19. Re3 Rxe3 20. Qxe3 Bxe2 21. Qxe2 Qd5 22. a3 g6 23. Rf1 f5 24. Rf3 c5 25. dxc5 Qxc5+ 26. Qf2 Qc4 27. Rf4 Qd3 28. h4 Re8 29. Rd4 Qb1+ 30. Kh2 Qc1 31. Qd2 Qxd2 32. Rxd2 Re4 33. Kg3 b5 34. Rd5 b4 35. cxb4 axb4 36. Rd3 bxa3 37. bxa3 Ra4 38. Kh3 Kg7 39. g3 Kh6 40. Rd7 1/2-1/2

[Event "Belgrade Serbia op"]
[Site "Belgrade"]
[Date "2023.07.21"]
[Round "6"]
[White "Wen, Teddie"]
[Black "Phatak, Aanjaneya"]
[Result "1-0"]
[WhiteElo "2306"]
[BlackElo "2040"]
[PlyCount "73"]
[EventDate "2023.07.16"]
[EventType "swiss"]
[EventRounds "9"]
[EventCountry "SRB"]
[SourceTitle "CBM 215 Extra"]
[Source "ChessBase"]
[SourceDate "2023.09.30"]
[SourceVersion "1"]
[SourceVersionDate "2023.09.30"]
[SourceQuality "1"]

1. d4 Nf6 2. c4 g6 3. Nc3 Bg7 4. e4 d6 5. Nf3 0-0 6. Be2 e5 7. d5 Nbd7 8. Be3 Ng4 9. Bg5 f6 10. Bh4 g5 11. Bg3 Nh6 12. Nd2 f5 13. exf5 Nxf5 14. Nde4 b6 15. b4 a5 16. a3 axb4 17. axb4 Rxa1 18. Qxa1 Nd4 19. Qb2 Nf6 20. Nxg5 e4 21. Qd2 Bf5 22. 0-0 h6 23. Qxd4 hxg5 24. Qe3 Nd7 25. Nxe4 Qe7 26. Nxg5 Ne5 27. Bxe5 dxe5 28. c5 Bh6 29. h4 Rf6 30. Bc4 Kh8 31. d6 cxd6 32. cxb6 Qb7 33. Nf7+ Kh7 34. Nxh6 Rxh6 35. Ra1 Bd7 36. Bd3+ Rg6 37. Qe4 1-0

[Event "Belgrade Serbia op"]
[Site "Belgrade"]
[Date "2023.07.19"]
[Round "4"]
[White "Wen, Teddie"]
[Black "Yilmaz, Baver"]
[Result "1-0"]
[WhiteElo "2306"]
[BlackElo "2023"]
[PlyCount "45"]
[EventDate "2023.07.16"]
[EventType "swiss"]
[EventRounds "9"]
[EventCountry "SRB"]
[SourceTitle "CBM 215 Extra"]
[Source "ChessBase"]
[SourceDate "2023.09.30"]
[SourceVersion "1"]
[SourceVersionDate "2023.09.30"]
[SourceQuality "1"]

1. d4 Nf6 2. c4 g6 3. Nc3 d5 4. Nf3 Bg7 5. Qb3 dxc4 6. Qxc4 c6 7. e4 0-0 8. Be2 b5 9. Qb3 Qa5 10. e5 Be6 11. Qc2 Bf5 12. Bd3 Bxd3 13. Qxd3 Nd5 14. h4 h5 15. 0-0 Nxc3 16. bxc3 e6 17. g4 hxg4 18. Ng5 Qd8 19. h5 Qe7 20. hxg6 f6 21. Nh7 Re8 22. Ba3 Qxa3 23. exf6 1-0

[Event "Paracin op 16th"]
[Site "Paracin"]
[Date "2023.07.08"]
[Round "3"]
[White "Rohit, S3333"]
[Black "Wen, Teddie"]
[Result "0-1"]
[WhiteElo "2109"]
[BlackElo "2306"]
[PlyCount "108"]
[EventDate "2023.07.07"]
[EventType "swiss"]
[EventRounds "9"]
[EventCountry "SRB"]
[SourceTitle "EXT 2024"]
[Source "ChessBase"]
[SourceDate "2023.10.10"]
[SourceVersion "1"]
[SourceVersionDate "2023.10.10"]
[SourceQuality "1"]

1. e4 c6 2. Nf3 d5 3. Nc3 dxe4 4. Nxe4 Nf6 5. Qe2 Nxe4 6. Qxe4 Qd5 7. Qh4 Qe6+ 8. Be2 Qg6 9. 0-0 Qxc2 10. Bc4 Qf5 11. d4 Nd7 12. h3 e6 13. Qg3 Qg6 14. Qc7 Be7 15. Ne5 Nxe5 16. dxe5 Qe4 17. Bb3 Qb4 18. Rd1 Qb6 19. Qxb6 axb6 20. Be3 c5 21. Bc2 Bd7 22. Be4 0-0-0 23. b4 Kc7 24. Rdc1 Bc6 25. Bxc6 Kxc6 26. a4 Rd5 27. a5 b5 28. bxc5 Ra8 29. f4 Bd8 30. Kf2 Rxa5 31. Rab1 Be7 32. Rb3 Bxc5 33. Bxc5 Rxc5 34. Rd1 Rd5 35. Rc1+ Kb6 36. Rc8 Ra4 37. g3 Rd2+ 38. Ke3 Rg2 39. Kf3 Rga2 40. Rf8 R2a3 41. Rxa3 Rxa3+ 42. Ke2 b4 43. Kd2 Rc3 44. Rxf7 Rc7 45. Rxc7 Kxc7 46. Kd3 Kc6 47. Kc4 b3 48. Kxb3 Kd5 49. Kb4 g6 50. Kb5 Ke4 51. Kc5 g5 52. f5 Kxe5 53. fxe6 Kxe6 54. h4 gxh4 0-1

[Event "Vojvodina op 13th"]
[Site "Novi Sad"]
[Date "2023.07.03"]
[Round "7"]
[White "Vignesh, B."]
[Black "Wen, Teddie"]
[Result "1/2-1/2"]
[WhiteElo "2197"]
[BlackElo "2306"]
[PlyCount "56"]
[EventDate "2023.06.29"]
[EventType "swiss"]
[EventRounds "9"]
[EventCountry "SRB"]
[SourceTitle "CBM 215 Extra"]
[Source "ChessBase"]
[SourceDate "2023.09.30"]
[SourceVersion "1"]
[SourceVersionDate "2023.09.30"]
[SourceQuality "1"]

1. e4 c6 2. d4 d5 3. exd5 cxd5 4. Nf3 Nc6 5. Bb5 Bg4 6. h3 Bxf3 7. Qxf3 e6 8. c4 Nf6 9. Nc3 Bb4 10. Bg5 0-0 11. Rd1 dxc4 12. Bxc6 bxc6 13. Bxf6 Qxf6 14. Qxc6 Rfc8 15. Qa4 a5 16. 0-0 h5 17. a3 Bd6 18. Rfe1 h4 19. Re4 Rab8 20. Qc2 Qh6 21. Qd2 Qxd2 22. Rxd2 Rb3 23. Na4 Rd3 24. Rde2 g5 25. Kf1 Rd1+ 26. Re1 Rd2 27. R1e2 Rd1+ 28. Re1 Rd2 1/2-1/2

[Event "Las Vegas National op"]
[Site "Las Vegas"]
[Date "2023.06.18"]
[Round "8"]
[White "Heimann, Mark A"]
[Black "Wen, Teddie"]
[Result "1-0"]
[WhiteElo "2426"]
[BlackElo "2328"]
[PlyCount "107"]
[EventDate "2023.06.14"]
[EventType "swiss"]
[EventRounds "9"]
[EventCountry "USA"]
[SourceTitle "CBM 214 Extra"]
[Source "ChessBase"]
[SourceDate "2023.07.31"]
[SourceVersion "1"]
[SourceVersionDate "2023.07.31"]
[SourceQuality "1"]

1. e4 c6 2. d4 d5 3. e5 c5 4. dxc5 e6 5. a3 Bxc5 6. Qg4 Ne7 7. Bd3 Ng6 8. Nf3 0-0 9. Qh5 Qe7 10. Nc3 Bd7 11. Bg5 Qe8 12. Be3 Be7 13. h4 Nc6 14. Rh3 f5 15. exf6 Rxf6 16. Bg5 Nf8 17. Qxe8 Rxe8 18. Bxf6 Bxf6 19. Rh1 Ne7 20. 0-0-0 Rc8 21. Rhe1 Bxc3 22. bxc3 Rxc3 23. Ne5 Be8 24. Kb2 Rc7 25. c4 Nfg6 26. Nxg6 Bxg6 27. Bxg6 hxg6 28. Rxe6 dxc4 29. a4 Kf7 30. Re4 Nc8 31. Rdd4 Nb6 32. a5 Na4+ 33. Kc2 b5 34. axb6 Nxb6 35. Rd6 Rc5 36. Rf4+ Rf5 37. Rxf5+ gxf5 38. Rc6 g6 39. Rc7+ Kf6 40. Rxa7 Nd5 41. Ra4 Nf4 42. g3 Nd3 43. f4 Kg7 44. Rxc4 Nf2 45. Rc3 Kh6 46. Rf3 Ng4 47. Kd3 Kh5 48. Kd4 Nf6 49. Ke5 Ne4 50. Ra3 Nf2 51. Kf6 Kh6 52. Kf7 Kh5 53. Ra6 Ne4 54. Rxg6 1-0

[Event "Los Angeles IM Norm"]
[Site "Monrovia"]
[Date "2023.04.01"]
[Round "2"]
[White "Krumpacnik, Domen"]
[Black "Wen, Teddie"]
[Result "0-1"]
[WhiteElo "2291"]
[BlackElo "2314"]
[PlyCount "98"]
[EventDate "2023.04.01"]
[EventType "schev"]
[EventRounds "10"]
[EventCountry "USA"]
[SourceTitle "CBM 213 Extra"]
[Source "ChessBase"]
[SourceDate "2023.05.31"]
[SourceVersion "1"]
[SourceVersionDate "2023.05.31"]
[SourceQuality "1"]
[WhiteTeam "Rest of the World"]
[BlackTeam "United States"]
[BlackTeamCountry "USA"]

1. d4 Nf6 2. Nf3 g6 3. Bg5 Bg7 4. Nbd2 0-0 5. e3 d6 6. Bc4 c5 7. c3 Nc6 8. 0-0 Qb6 9. Qb3 Qc7 10. Qc2 e5 11. dxe5 dxe5 12. h3 Na5 13. Bxf6 Bxf6 14. Bd5 Bd7 15. Nb3 Nxb3 16. Qxb3 Bc6 17. e4 Bxd5 18. Qxd5 Rfd8 19. Qc4 Rd6 20. Rad1 Rad8 21. Rd5 Rxd5 22. exd5 Qd6 23. Rd1 h6 24. h4 Qd7 25. h5 gxh5 26. Qxc5 e4 27. Ne1 Qa4 28. Rd2 Qxa2 29. d6 Qe6 30. Qxa7 Bg5 31. Re2 Qc4 32. Kf1 Rxd6 33. Qxb7 e3 34. Qb8+ Rd8 35. Qb4 Qa6 36. fxe3 Bxe3 37. Qe4 Bg5 38. Nf3 Rd1+ 39. Kf2 Qb6+ 40. Kg3 Qd6+ 41. Qe5 h4+ 42. Nxh4 Bxh4+ 43. Kxh4 Qg6 44. g4 Rh1+ 45. Rh2 Rg1 46. Qf4 Re1 47. b4 Re4 48. Qf3 Qg5+ 49. Kg3 Re3 0-1

[Event "Charlotte CCCSA Summer IM-D"]
[Site "Charlotte"]
[Date "2022.07.27"]
[Round "6"]
[White "Wen, Teddie"]
[Black "Oberoi, Shelev"]
[Result "1/2-1/2"]
[WhiteElo "2234"]
[BlackElo "2259"]
[PlyCount "118"]
[EventDate "2022.07.24"]
[EventType "tourn"]
[EventRounds "9"]
[EventCountry "USA"]
[SourceTitle "CBM 209 Extra"]
[Source "ChessBase"]
[SourceDate "2022.09.30"]
[SourceVersion "1"]
[SourceVersionDate "2022.09.30"]
[SourceQuality "1"]

1. d4 d5 2. c4 dxc4 3. Nf3 Nf6 4. e3 e6 5. Bxc4 a6 6. 0-0 c5 7. b3 Nbd7 8. Bb2 Be7 9. dxc5 Bxc5 10. Qe2 0-0 11. Bd3 Qe7 12. Ne5 Rd8 13. Nd2 Nxe5 14. Bxe5 Nd5 15. Rac1 f6 16. Bb2 Bd7 17. Ne4 Bb6 18. Rfd1 Bc6 19. a3 f5 20. Nd2 f4 21. Nc4 Bc7 22. e4 f3 23. Qxf3 Rf8 24. Qg4 Rf4 25. Qe2 Rh4 26. exd5 Bxh2+ 27. Kf1 Bxd5 28. Ne3 Bf4 29. Ke1 Bxb3 30. Qf3 Rf8 31. g3 Bc7 32. Qg2 Rh5 33. Rd2 Ba5 34. Bc3 Rc8 35. Bc4 Rxc4 36. Nxc4 Bxc4 37. Qe4 Bd5 38. Rxd5 Bxc3+ 39. Rxc3 Rxd5 40. Rc8+ Kf7 41. Qxh7 Qd7 42. Qc2 Rd1+ 43. Qxd1 Qxc8 44. Qf3+ Ke7 45. Qe3 Qd7 46. Kf1 Qd5 47. Qc3 Qc5 48. Qf3 Qd5 49. Qc3 Kd6 50. Qb4+ Kd7 51. Qa4+ Kc7 52. Qc2+ Kb8 53. Qc3 Ka8 54. Qc8+ Ka7 55. Qc3 e5 56. Kg1 Qd1+ 57. Kg2 Qd4 58. Qxd4+ exd4 59. f3 Kb6 1/2-1/2

[Event "Charlotte op"]
[Site "Charlotte"]
[Date "2021.12.30"]
[Round "8"]
[White "Wen, Teddie"]
[Black "Preotu, Razvan"]
[Result "0-1"]
[WhiteElo "2054"]
[BlackElo "2473"]
[PlyCount "108"]
[EventDate "2021.12.26"]
[EventType "swiss"]
[EventRounds "9"]
[EventCountry "USA"]
[SourceTitle "CBM 205 Extra"]
[Source "ChessBase"]
[SourceDate "2022.01.31"]
[SourceVersion "1"]
[SourceVersionDate "2022.01.31"]
[SourceQuality "1"]

1. d4 Nf6 2. c4 g6 3. Nc3 d5 4. cxd5 Nxd5 5. e4 Nxc3 6. bxc3 Bg7 7. Bc4 c5 8. Ne2 Nc6 9. Be3 0-0 10. 0-0 b6 11. Rc1 Bb7 12. Qd2 Rc8 13. h4 e5 14. Bg5 Qd7 15. d5 Na5 16. Bd3 f5 17. h5 f4 18. hxg6 h6 19. Bxf4 exf4 20. Nxf4 c4 21. Be2 Rce8 22. Ne6 Rf6 23. Rcd1 Rxg6 24. Bh5 Rexe6 25. dxe6 Qxe6 26. Bxg6 Qxg6 27. f3 Qg5 28. f4 Qc5+ 29. Kh2 Bxe4 30. Rde1 Qh5+ 31. Kg1 Qf5 32. Qd8+ Kh7 33. Qe7 Bd3 34. Rf3 Qf6 35. Qxa7 Qxc3 36. Re8 Qd4+ 37. Kh2 Qf6 38. Qc7 Nc6 39. Rg3 Bg6 40. Rc8 Ne7 41. Rb8 c3 42. Rxb6 Qh4+ 43. Rh3 Qe1 44. Rg3 Qe4 45. Rb5 c2 46. Re5 Bxe5 47. fxe5 Qh4+ 48. Rh3 Qf4+ 49. Rg3 c1Q 50. Qxe7+ Qf7 51. Qd6 Qcf4 52. Qc5 Qh4+ 53. Rh3 Qff4+ 54. g3 Qfxg3+ 0-1

[Event "Charlotte op"]
[Site "Charlotte"]
[Date "2021.12.29"]
[Round "7"]
[White "Jacobson, Brandon"]
[Black "Wen, Teddie"]
[Result "1-0"]
[WhiteElo "2530"]
[BlackElo "2054"]
[PlyCount "95"]
[EventDate "2021.12.26"]
[EventType "swiss"]
[EventRounds "9"]
[EventCountry "USA"]
[SourceTitle "CBM 205 Extra"]
[Source "ChessBase"]
[SourceDate "2022.01.31"]
[SourceVersion "1"]
[SourceVersionDate "2022.01.31"]
[SourceQuality "1"]

1. Nf3 Nf6 2. g3 g6 3. b3 Bg7 4. Bb2 0-0 5. Bg2 c6 6. 0-0 d5 7. c4 a5 8. e3 Bf5 9. d4 a4 10. bxa4 dxc4 11. Ne5 Qa5 12. Nxc4 Qb4 13. Qb3 Rxa4 14. Nc3 Qxb3 15. axb3 Rb4 16. Nd2 Re8 17. Ra7 Bd3 18. Rfa1 Nfd7 19. Ba3 Rb6 20. Na4 Rb5 21. Nb2 Be2 22. Re1 Bg4 23. h3 Be6 24. Bf1 Rb6 25. Na4 Rxb3 26. Nxb3 Bxb3 27. Nc5 Nxc5 28. Bxc5 b5 29. Ra8 Kf8 30. Bg2 f5 31. Rea1 Ba4 32. Ba7 Na6 33. Rxe8+ Kxe8 34. Bxc6+ Kf7 35. Rb1 Nc7 36. Bb6 Ne6 37. Bxb5 Bc2 38. Rc1 Be4 39. Bc6 Bd3 40. Bd5 Bb5 41. Rc5 Ba4 42. Ra5 Bc2 43. Bc5 Bd3 44. Ra3 Be4 45. Bc4 Bb7 46. Ra7 Bc8 47. Rc7 Ba6 48. Rxe7+ 1-0

[Event "Charlotte op"]
[Site "Charlotte"]
[Date "2021.12.28"]
[Round "5"]
[White "Woodward, Andy"]
[Black "Wen, Teddie"]
[Result "0-1"]
[WhiteElo "2297"]
[BlackElo "2054"]
[PlyCount "110"]
[EventDate "2021.12.26"]
[EventType "swiss"]
[EventRounds "9"]
[EventCountry "USA"]
[SourceTitle "CBM 205 Extra"]
[Source "ChessBase"]
[SourceDate "2022.01.31"]
[SourceVersion "1"]
[SourceVersionDate "2022.01.31"]
[SourceQuality "1"]

1. d4 Nf6 2. c4 g6 3. g3 Bg7 4. Bg2 0-0 5. Nc3 d6 6. Nf3 Nbd7 7. 0-0 c6 8. e4 e5 9. h3 Qb6 10. c5 dxc5 11. dxe5 Ne8 12. Na4 Qb5 13. e6 fxe6 14. Be3 Nb6 15. Nxc5 Qxb2 16. Rb1 Qxa2 17. Re1 Nc7 18. Re2 Qa3 19. Rc2 Nb5 20. Bc1 Qa5 21. Bd2 Nc3 22. Nb3 Qb4 23. Bxc3 Bxc3 24. e5 Nd5 25. Qd3 b5 26. Rcc1 Qc4 27. Qd1 b4 28. Ng5 Qb5 29. Qg4 Qb6 30. Kh1 a5 31. h4 Qxf2 32. Qh3 Qf5 33. Qh2 Qxe5 34. Nc5 Ne3 35. Nce4 h6 36. Nh3 Ng4 37. Qg1 Bd4 38. Qe1 Ra7 39. Qe2 Nf6 40. Nf4 Rg7 41. Rxc6 Nxe4 42. Bxe4 Bb7 43. Rxe6 Bxe4+ 44. Kh2 Qxe6 45. Nxe6 Rf2+ 46. Qxf2 Bxf2 47. Rb2 Re7 48. Nf4 Bd4 49. Rd2 Bc3 50. Rd6 Kf7 51. h5 gxh5 52. Rxh6 b3 53. Nxh5 b2 54. Rb6 b1Q 55. Rxb1 Bxb1 0-1

[Event "Charlotte op"]
[Site "Charlotte"]
[Date "2021.12.27"]
[Round "2"]
[White "Wen, Teddie"]
[Black "Adamson, Robby"]
[Result "1/2-1/2"]
[WhiteElo "2054"]
[BlackElo "2257"]
[PlyCount "60"]
[EventDate "2021.12.26"]
[EventType "swiss"]
[EventRounds "9"]
[EventCountry "USA"]
[SourceTitle "CBM 205 Extra"]
[Source "ChessBase"]
[SourceDate "2022.01.31"]
[SourceVersion "1"]
[SourceVersionDate "2022.01.31"]
[SourceQuality "1"]

1. d4 Nf6 2. c4 e6 3. Nf3 d5 4. Nc3 Bb4 5. Qa4+ Nc6 6. a3 Bxc3+ 7. bxc3 Ne4 8. e3 Nxc3 9. Qc2 Ne4 10. Bd3 Nd6 11. 0-0 Nxc4 12. Bxc4 dxc4 13. Qxc4 Qd5 14. Qd3 f5 15. Rb1 a6 16. Qc3 0-0 17. Bb2 b6 18. Ne1 Bb7 19. f3 Rf7 20. Nd3 Rd8 21. Nf4 Qd6 22. Rbc1 Rdd7 23. a4 Qe7 24. Rfd1 a5 25. Ba3 Qe8 26. Nd3 h6 27. Qb3 Rd8 28. Qb5 Rd5 29. Qb3 g5 30. Bb2 Kh7 1/2-1/2

[Event "PNWCC Super G60 Feb Gp1"]
[Site "Chess.com INT"]
[Date "2021.02.28"]
[Round "4"]
[White "Wen, Teddie"]
[Black "Xie, Bryan"]
[Result "0-1"]
[WhiteElo "2071"]
[BlackElo "2050"]
[PlyCount "134"]
[EventDate "2021.02.27"]
[EventType "swiss"]
[EventRounds "6"]
[EventCountry "USA"]
[SourceTitle "CBM 200 Extra"]
[Source "ChessBase"]
[SourceDate "2021.03.31"]
[SourceVersion "1"]
[SourceVersionDate "2021.03.31"]
[SourceQuality "1"]

1. d4 Nf6 2. c4 e6 3. Nf3 b6 4. g3 Bb7 5. Bg2 Be7 6. 0-0 0-0 7. Nc3 Ne4 8. Qc2 d5 9. Ne5 Nxc3 10. Qxc3 Nd7 11. Nxd7 Qxd7 12. b4 c5 13. bxc5 bxc5 14. Rb1 Ba6 15. cxd5 exd5 16. dxc5 Rac8 17. Bb2 Bf6 18. Qa3 Bxe2 19. Rfe1 Bxb2 20. Rxb2 Bc4 21. Bf1 Qc7 22. c6 Qxc6 23. Qxa7 Ra8 24. Qd4 Rxa2 25. Rxa2 Bxa2 26. Bg2 h6 27. h4 Re8 28. Rd1 Rd8 29. Bf3 Qe6 30. Kg2 Bc4 31. Bg4 Qe7 32. Bf3 Be2 33. Bxe2 Qxe2 34. Rd3 Qe6 35. Re3 Qd6 36. Rd3 Qg6 37. Kh2 Qf5 38. Kg2 Rd6 39. Re3 Re6 40. Rd3 Rf6 41. f3 Rc6 42. Rd2 Rc2 43. g4 Rxd2+ 44. Qxd2 Qe5 45. h5 d4 46. Qc2 Qd5 47. Qc8+ Kh7 48. Qc2+ d3 49. Qd2 Qd4 50. f4 Qe4+ 51. Kf2 Kg8 52. Qe3 Qc4 53. Qd2 Qd4+ 54. Qe3 Qb2+ 55. Kf3 Qb7+ 56. Kf2 Qd7 57. Ke1 Qxg4 58. Qe8+ Kh7 59. Qe4+ f5 60. Qxd3 Qxf4 61. Qh3 Qg4 62. Qh2 Qe4+ 63. Kf2 f4 64. Qh4 Qe3+ 65. Kf1 f3 66. Qg4 Qe2+ 67. Kg1 f2+ 0-1

[Event "PNWCC Super G60 Feb Gp1"]
[Site "Chess.com INT"]
[Date "2021.02.28"]
[Round "5"]
[White "Woodward, Andy"]
[Black "Wen, Teddie"]
[Result "1/2-1/2"]
[WhiteElo "1954"]
[BlackElo "2071"]
[PlyCount "184"]
[EventDate "2021.02.27"]
[EventType "swiss"]
[EventRounds "6"]
[EventCountry "USA"]
[SourceTitle "CBM 200 Extra"]
[Source "ChessBase"]
[SourceDate "2021.03.31"]
[SourceVersion "1"]
[SourceVersionDate "2021.03.31"]
[SourceQuality "1"]

1. d4 Nf6 2. c4 g6 3. Nc3 Bg7 4. g3 0-0 5. Bg2 d6 6. Nf3 Nbd7 7. 0-0 e5 8. e4 c6 9. h3 Qb6 10. c5 dxc5 11. dxe5 Ne8 12. Na4 Qa6 13. Bg5 b5 14. Nc3 Nc7 15. Be7 Re8 16. Bd6 Qb6 17. a4 b4 18. a5 Qb7 19. Na4 Ne6 20. Re1 Qb5 21. Bf1 c4 22. b3 Nxe5 23. Nxe5 Bxe5 24. Bxc4 Qxa5 25. Nb2 Qxa1 26. Qxa1 Bxd6 27. Nd3 Ng5 28. Qf6 Be7 29. Qxc6 Bxh3 30. Kh2 Be6 31. Bxe6 Nxe6 32. Ra1 Rac8 33. Qa4 Nc5 34. Qb5 Nxd3 35. Qxd3 Bc5 36. f4 Red8 37. Qe2 Bb6 38. Rd1 Rxd1 39. Qxd1 Rc3 40. e5 a5 41. Qd7 Bc5 42. g4 Rc2+ 43. Kh1 Rc1+ 44. Kg2 Rc2+ 45. Kf3 Rc3+ 46. Ke2 Rxb3 47. Qe8+ Kg7 48. f5 gxf5 49. gxf5 Re3+ 50. Kd2 b3 51. e6 fxe6 52. fxe6 Rf3 53. Qd7+ Kg6 54. Qc6 Rf2+ 55. Kc3 Bb4+ 56. Kxb3 Kg5 57. Qe4 Rf8 58. Qe5+ Kg6 59. Kc4 Be7 60. Kd3 Rf5 61. Qh8 Rf8 62. Qe5 Rf5 63. Qg3+ Kf6 64. Ke4 Rg5 65. Qh3 h5 66. Kd4 Rg4+ 67. Kd5 Rg5+ 68. Kc6 Re5 69. Kc7 Rxe6 70. Qxh5 Re5 71. Qg4 Bb4 72. Qf4+ Rf5 73. Qe4 Re5 74. Qg4 Rg5 75. Qh4 Kf5 76. Kc6 Rg6+ 77. Kb5 Rg4 78. Qh5+ Rg5 79. Qf7+ Kg4+ 80. Kc4 Rf5 81. Qe6 Kg5 82. Kd3 Rf3+ 83. Ke2 Rf6 84. Qe5+ Rf5 85. Qg7+ Kf4 86. Kd3 Rd5+ 87. Kc4 Rc5+ 88. Kd3 Rd5+ 89. Kc4 Rc5+ 90. Kb3 Rg5 91. Qf6+ Rf5 92. Qh4+ Ke5 1/2-1/2

[Event "PNWCC Super G60 Jan Gp1"]
[Site "Chess.com INT"]
[Date "2021.01.17"]
[Round "6"]
[White "Wen, Teddie"]
[Black "Wang, Jason"]
[Result "1/2-1/2"]
[WhiteElo "2071"]
[BlackElo "2312"]
[PlyCount "59"]
[EventDate "2021.01.16"]
[EventType "swiss"]
[EventRounds "6"]
[EventCountry "USA"]
[SourceTitle "CBM 200 Extra"]
[Source "ChessBase"]
[SourceDate "2021.03.31"]
[SourceVersion "1"]
[SourceVersionDate "2021.03.31"]
[SourceQuality "1"]

1. d4 d5 2. c4 dxc4 3. e3 e5 4. Nf3 exd4 5. Bxc4 Bb4+ 6. Bd2 Bxd2+ 7. Qxd2 Nc6 8. 0-0 Nf6 9. exd4 0-0 10. d5 Ne7 11. Nc3 a6 12. Rfe1 Qd6 13. h3 h6 14. Rad1 Bf5 15. Bb3 Rad8 16. Re5 Bh7 17. Rde1 Ng6 18. Ne4 Nxe4 19. R5xe4 c6 20. Rd4 c5 21. Rde4 b5 22. a4 c4 23. Bc2 Qxd5 24. Qe3 Qc6 25. axb5 axb5 26. Qc3 Rc8 27. Nd4 Qc5 28. b4 cxb3 29. Qxc5 Rxc5 30. Bxb3 1/2-1/2

[Event "PNWCC Super G60 Jan Gp1"]
[Site "Chess.com INT"]
[Date "2021.01.16"]
[Round "1"]
[White "Wen, Teddie"]
[Black "Hovhannisyan, Robert"]
[Result "0-1"]
[WhiteElo "2071"]
[BlackElo "2642"]
[PlyCount "126"]
[EventDate "2021.01.16"]
[EventType "swiss"]
[EventRounds "6"]
[EventCountry "USA"]
[SourceTitle "CBM 200 Extra"]
[Source "ChessBase"]
[SourceDate "2021.03.31"]
[SourceVersion "1"]
[SourceVersionDate "2021.03.31"]
[SourceQuality "1"]

1. d4 d5 2. c4 c6 3. Nf3 Nf6 4. Nc3 e6 5. Bg5 Nbd7 6. e3 Qa5 7. Bxf6 Nxf6 8. Bd3 Bb4 9. Qc2 0-0 10. 0-0 b6 11. Nd2 Bxc3 12. Nb3 Qa4 13. Qxc3 Ba6 14. c5 Ne4 15. Qc2 Bxd3 16. Qxd3 bxc5 17. Nxc5 Nxc5 18. dxc5 Rfb8 19. b3 Qa3 20. Qc3 a5 21. Qc1 Qb4 22. Rd1 Rb5 23. Qb2 Rxc5 24. Rac1 Rxc1 25. Rxc1 a4 26. h3 axb3 27. Rxc6 bxa2 28. Qxb4 a1Q+ 29. Kh2 h5 30. Qc3 Qxc3 31. Rxc3 h4 32. Rc2 g6 33. g3 hxg3+ 34. Kxg3 Kg7 35. Rd2 Ra4 36. f4 Kf6 37. Kf3 g5 38. fxg5+ Kxg5 39. Rg2+ Kf5 40. Rh2 Rh4 41. Kg3 Re4 42. Rf2+ Kg6 43. Kf3 f5 44. Rg2+ Kf6 45. Ra2 d4 46. exd4 Rxd4 47. Ra3 e5 48. Kg3 Kg5 49. Kf2 Rd2+ 50. Kg3 f4+ 51. Kf3 Kf5 52. Ra5 Rh2 53. Rb5 Rxh3+ 54. Ke2 Ra3 55. Kf2 Re3 56. Rb8 Rd3 57. Rb4 Rd2+ 58. Ke1 Ra2 59. Rb8 e4 60. Kf1 e3 61. Ke1 Ke4 62. Rb1 Rh2 63. Rb4+ Kf3 0-1

[Event "PNWCC WOW op"]
[Site "Chess.com INT"]
[Date "2020.12.28"]
[Round "8"]
[White "Johnson, Donald"]
[Black "Wen, Teddie"]
[Result "0-1"]
[WhiteElo "1886"]
[BlackElo "2071"]
[PlyCount "66"]
[EventDate "2020.12.26"]
[EventType "swiss"]
[EventRounds "9"]
[EventCountry "USA"]
[SourceTitle "CBM 200 Extra"]
[Source "ChessBase"]
[SourceDate "2021.03.31"]
[SourceVersion "1"]
[SourceVersionDate "2021.03.31"]
[SourceQuality "1"]

1. e4 c5 2. Nf3 d6 3. d4 cxd4 4. Nxd4 Nf6 5. Nc3 g6 6. Be3 Bg7 7. f3 0-0 8. Qd2 Nc6 9. 0-0-0 d5 10. Qe1 e5 11. Nxc6 bxc6 12. exd5 Nxd5 13. Bc4 Be6 14. Kb1 a5 15. h4 Rb8 16. Ne4 Qc7 17. Bc5 Rfd8 18. h5 h6 19. hxg6 f5 20. Nc3 e4 21. Bd4 Bxd4 22. Rxd4 Qb6 23. Nb5 cxb5 24. Bxd5 Bxd5 25. c3 Qxg6 26. Qd2 e3 27. Qd3 Qe6 28. Ka1 Rd7 29. Re1 Bc4 30. Qd1 Rbd8 31. Rxd7 Qxd7 32. Qc1 Qd2 33. Qb1 e2 0-1

[Event "PNWCC WOW op"]
[Site "Chess.com INT"]
[Date "2020.12.28"]
[Round "7"]
[White "Wen, Teddie"]
[Black "Su, Kevin"]
[Result "1-0"]
[WhiteElo "2071"]
[BlackElo "1820"]
[PlyCount "107"]
[EventDate "2020.12.26"]
[EventType "swiss"]
[EventRounds "9"]
[EventCountry "USA"]
[SourceTitle "CBM 200 Extra"]
[Source "ChessBase"]
[SourceDate "2021.03.31"]
[SourceVersion "1"]
[SourceVersionDate "2021.03.31"]
[SourceQuality "1"]

1. d4 d5 2. c4 c6 3. Nf3 Nf6 4. Nc3 e6 5. Bg5 Nbd7 6. e3 Qa5 7. Bd3 Ne4 8. Bxe4 dxe4 9. Ne5 Bb4 10. 0-0 Nxe5 11. dxe5 Bxc3 12. bxc3 0-0 13. Qd4 f6 14. Bf4 f5 15. Rfd1 b5 16. c5 Qc7 17. Qd6 Qb7 18. Rd2 h6 19. h4 Rf7 20. Rad1 Kh7 21. h5 Bd7 22. f3 exf3 23. gxf3 Re8 24. Kh1 Bc8 25. Qd4 Rd7 26. Qb4 Rxd2 27. Rxd2 Qe7 28. c4 a5 29. Qxa5 Qxc5 30. Kg2 Qxc4 31. Qc7 Qb4 32. Rc2 Qe7 33. Qxc6 Bd7 34. Qd6 Qxd6 35. exd6 e5 36. Bg3 Re6 37. Rc7 Rxd6 38. Bxe5 Rd5 39. Bc3 Rd3 40. Bd4 Rd2+ 41. Kg3 Rxd4 42. exd4 Be8 43. d5 Bxh5 44. d6 Be8 45. d7 Bxd7 46. Rxd7 Kg6 47. Rb7 Kg5 48. Rxb5 g6 49. Kf2 h5 50. a4 Kh4 51. a5 Kh3 52. a6 g5 53. Rxf5 g4 54. Rxh5# 1-0